• 首页
  • 本馆介绍
  • 公告通知
  • 最新文献
  • 馆藏检索
  • 电子资源
  • 读者导购
  • 参考咨询
  • 我的图书馆
  • 登录
  • 详细信息显示
  • 放入我的书架
  • 预约/预借图书
  • 作者相关作品
  • 分类相关作品
  • 丛书相关作品
  • 出版社相关作品

书目信息

  • 表格格式
  • 工作单格式
  • 卡片格式
题名:
海洋生物学
    
 
作者: 李太武 主编
分册:  
出版信息: 北京   海洋出版社  2013.3
页数: 388页,46页图版
开本: 29cm
丛书名:
单 册:
中图分类: Q178.53
科图分类:
主题词: 海洋生物学--教材
电子资源:
ISBN: 978-7-5027-8439-3
000 00817nam0 2200241 450
001 0400001440
005 20230216165514.45
010    @a978-7-5027-8439-3@dCNY60.00
100    @a20130425d2013 em y0chiy50 ea
101 0  @achi
102    @aCN@b110000
105    @af z 001yy
200 1  @a海洋生物学@9hai yang sheng wu xue@dMarine biology@f李太武主编@zeng
210    @a北京@c海洋出版社@d2013.3
215    @a388页,46页图版@d29cm
300    @a教育部特色专业水产养殖学配套建设教材
330    @a本书共五章,内容包括:海洋生物的分类与特征、海洋生物生态学、海洋生物学研究与海洋生物技术、海洋生物资源利用与保护等。
510 1  @aMarine biology@zeng
606 0  @a海洋生物学@j教材
690    @aQ178.53@v5
701  0 @a李太武@9li tai wu@4主编
801  0 @aCN@b91MARC@c20171018
905    @b1025121-5@dQ178.53@f5@e213
    
    海洋生物学=Marine biology/李太武主编.-北京:海洋出版社,2013.3
    388页,46页图版;29cm
    教育部特色专业水产养殖学配套建设教材
    
    ISBN 978-7-5027-8439-3:CNY60.00
    本书共五章,内容包括:海洋生物的分类与特征、海洋生物生态学、海洋生物学研究与海洋生物技术、海洋生物资源利用与保护等。
●
相关链接 在E读中查询图书 在五车中查询图书 在当当中查询图书 在豆瓣中查询图书


正题名:海洋生物学     索取号:Q178.53/213         预约/预借

序号 登录号 条形码 馆藏地/架位号 状态 备注
1 1025121   210251216   第二样本阅览室/ [索取号:Q178.53/213] 在馆    
2 1025122   210251225   生命科学系资料室/ [索取号:Q178.53/213] 在馆    
3 1025123   210251234   第三借阅区/ [索取号:Q178.53/213] 在馆    
4 1025124   210251243   第三借阅区/ [索取号:Q178.53/213] 在馆    
5 1025125   210251252   第三借阅区/ [索取号:Q178.53/213] 在馆    
6 1052701   210527018   第三借阅区/ [索取号:Q178.53/213] 在馆    
唐山师范学院图书馆 欢迎您!
大连网信软件有限公司© 版权所有